| 000 | 02040nam a22003497a 4500 | ||
|---|---|---|---|
| 003 | PE-LiUPU | ||
| 005 | 20250731173555.0 | ||
| 008 | 221221b |||||||| |||| 00| 0 eng d | ||
| 040 |
_aPE-LiUPU _bspa _cPE-LiUPU _erda |
||
| 082 |
_a264 _bH729a |
||
| 100 |
_aHolford, Karen _eAutor. _9829 |
||
| 245 |
_aAltogether wonderful : _bexploring intergenerational worship / _cBy Karen Holford. |
||
| 250 | _a1a edición | ||
| 264 |
_aMaryland : _bChildren's Ministries, General Conference of Seventh-day Adventists, _c[2015]. |
||
| 300 |
_a164 paginas : _bilustraciones, _c23 centimetros. |
||
| 505 | _aIntroduction -- The parable of the celebration -- What is intergenerational worship? -- Ten reasons for holding intergenerational worship services in your church -- From Eden to everlasting -- Understanding Jesus' Theology of childhood -- Jesus-Intergenerational worship leader -- Ellen White and intergenerational worship -- How our learning style influences our worship experience -- Different models of intergenerational worship -- Preparing the ground -- The big questions about intergenerational worship -- When and where shall we worship together? -- Let´s create an intergenerational worship service! -- Who´s in your pews? -- Social media tools for busy teams -- Building an intergenerational worship team -- Sixty simple ways to involve children in your church service right away -- Sample intergenerational worship service - Gifted! -- How did it go? inviting and managing feedback -- Recipe for making a world -- The lord's prayer with actions -- Useful resources for intergenerational worship. | ||
| 526 | _aSEG42 | ||
| 526 | _aSEG41 | ||
| 526 | _aSEG40 | ||
| 526 | _aSEG39 | ||
| 526 | _aP94 | ||
| 526 | _aP87 | ||
| 526 | _aP86 | ||
| 526 | _aP85 | ||
| 526 | _aP77 | ||
| 526 | _aP76 | ||
| 526 | _aP35 | ||
| 650 | 0 |
_aAdoración. _9831 |
|
| 650 | 0 |
_aAdoración intergeneracional. _9830 |
|
| 942 |
_2ddc _cBK _n0 |
||
| 999 |
_c61674 _d61674 |
||
| 980 |
_622041 _aELI VALDERRAMA Analista Documental _81 _gALBERTO SANCHEZ Responsable de Automatización |
||